| 000 | 00452nam a2200157Ia 4500 | ||
|---|---|---|---|
| 003 | GCL | ||
| 008 | 140319s9999 xx 000 0 eng d | ||
| 040 |
_aGCL / _cGCL |
||
| 082 | 0 | 4 |
_a368.43 _bA S |
| 100 | 1 | _aACHENBAUM, W. ANDREW | |
| 245 | 1 | 0 |
_aSOCIAL SECURITY VISIONS AND REVISIONS / _cACHENBAUM, W. ANDREW |
| 260 |
_a[S.N] : _bCAMBRIDGE UNIVERSITY PRESS ، _c1987 |
||
| 300 | _a300 O | ||
| 650 | 0 | 4 | _aSOCIAL SECURITY - UNITED STATE |
| 942 |
_2ddc _cBK |
||
| 999 |
_c10521 _d10521 |
||